LEADER 00862nam0 2200265 450 001 000019630 005 20081119130729.0 100 $a20081119d1968----km-y0itay50------ba 101 0 $aeng 102 $aGB 105 $ay-------001yy 200 1 $aTopics in regression analysis$fArthur S. Goldberger 210 $aLondon$cMacmillan$dc1968 215 $aX, 144 p.$d24 cm 225 2 $aMacmillan series in economics 410 0$12001$aMacmillan series in economics 500 10$aTopics in regression analysis$933763 610 1 $aEconomia$aSistemi e teorie 676 $a338.5$v20$9Economia generale della produzione 700 1$aGoldberger,$bArthur Stanley$0121354 801 0$aIT$bUNIPARTHENOPE$c20081119$gRICA$2UNIMARC 912 $a000019630 951 $a211.1/133$b5731$cNAVA2$d2008 996 $aTopics in regression analysis$933763 997 $aUNIPARTHENOPE